[Event "CZE-chT2D 2223"]
[White "Tuma, Jiri"]
[Black "Nespory, Simon"]
[Site "Czech Republic"]
[Round "11.3"]
[Result "1-0"]
[Date "2023.03.26"]
[WhiteElo "2300"]
[BlackElo "1662"]
[PlyCount "53"]
[EventDate "2022.10.16"]
[EventType "team-tourn"]
[EventRounds "11"]
[EventCountry "CZE"]
[SourceTitle "EXT 2024"]
[Source "ChessBase"]
[SourceDate "2023.10.10"]
[SourceVersion "1"]
[SourceVersionDate "2023.10.10"]
[SourceQuality "1"]
[WhiteTeam "Chotebor"]
[BlackTeam "Zabreh"]
[WhiteTeamCountry "CZE"]
[BlackTeamCountry "CZE"]

1. e4 e5 2. Nf3 Nc6 3. Bc4 Bc5 4. d3 d6 5. c3 Bg4 6. h3 Bh5 7. Nbd2 Nge7 8. Bb3 0-0 9. g4 Bg6 10. h4 h5 11. Ng5 hxg4 12. h5 Bh7 13. Qxg4 d5 14. Nxh7 f5 15. exf5 Kxh7 16. Nf3 Rxf5 17. Be3 d4 18. Ng5+ Rxg5 19. Bxg5 dxc3 20. Qe4+ Kh8 21. bxc3 Qf8 22. Be3 Bxe3 23. fxe3 Qf5 24. 0-0-0 Rd8 25. Rhf1 Qd7 26. Rf7 Na5 27. Qxe5 1-0

[Event "CZE-chT2D 2223"]
[White "Tuma, Jiri"]
[Black "Kosek, Jiri"]
[Site "Czech Republic"]
[Round "9.4"]
[Result "1/2-1/2"]
[Date "2023.02.19"]
[WhiteElo "2300"]
[BlackElo "2030"]
[PlyCount "57"]
[EventDate "2022.10.16"]
[EventType "team-tourn"]
[EventRounds "11"]
[EventCountry "CZE"]
[SourceTitle "EXT 2024"]
[Source "ChessBase"]
[SourceDate "2023.10.10"]
[SourceVersion "1"]
[SourceVersionDate "2023.10.10"]
[SourceQuality "1"]
[WhiteTeam "Chotebor"]
[BlackTeam "Vysoke Myto"]
[WhiteTeamCountry "CZE"]
[BlackTeamCountry "CZE"]

1. e4 c6 2. d4 d5 3. e5 Bf5 4. h4 h6 5. g4 Be4 6. f3 Bh7 7. e6 Qd6 8. exf7+ Kxf7 9. Be3 e5 10. Nc3 Nd7 11. Qd2 exd4 12. Bxd4 Qg3+ 13. Bf2 Qe5+ 14. Nge2 Bc5 15. Bxc5 Nxc5 16. 0-0-0 Re8 17. h5 Qe3 18. Qxe3 Rxe3 19. f4 Be4 20. Rg1 Bf3 21. Kd2 Re7 22. b4 Ne4+ 23. Nxe4 Rxe4 24. Rb1 Nf6 25. Ng3 Re6 26. Bd3 Be4 27. Nxe4 Nxe4+ 28. Bxe4 Rxe4 29. b5 1/2-1/2

[Event "Pardubice Region-chT 2223"]
[White "Tuma, Jiri"]
[Black "Hlavacek, Robert"]
[Site "Czech Republic"]
[Round "7.1"]
[Result "1-0"]
[Date "2023.01.29"]
[WhiteElo "2320"]
[BlackElo "2145"]
[PlyCount "127"]
[EventDate "2022.10.09"]
[EventType "team-tourn"]
[EventRounds "11"]
[EventCountry "CZE"]
[SourceTitle "EXT 2024"]
[Source "ChessBase"]
[SourceDate "2023.10.10"]
[SourceVersion "1"]
[SourceVersionDate "2023.10.10"]
[SourceQuality "1"]

1. e4 d6 2. d4 Nf6 3. Nc3 g6 4. f4 Bg7 5. Nf3 0-0 6. Bd3 c5 7. dxc5 dxc5 8. e5 Nd5 9. Nxd5 Qxd5 10. Qe2 Qc6 11. 0-0 Na6 12. c3 Rb8 13. Kh1 b5 14. a4 bxa4 15. Bc2 Nc7 16. Bxa4 Qb6 17. Bc2 Ba6 18. Bd3 Bxd3 19. Qxd3 Rfd8 20. Qc4 Rd5 21. h3 a6 22. Qe2 Bh6 23. Nh2 Rbd8 24. Ng4 Bg7 25. Be3 a5 26. Rfd1 Rxd1+ 27. Rxd1 Rb8 28. Bc1 Qe6 29. Qd3 h5 30. Nf2 Bh6 31. Qd7 Qxd7 32. Rxd7 Ne6 33. g3 Kf8 34. Ra7 Rb5 35. h4 c4 36. Ra8+ Kg7 37. Rc8 Nc5 38. Kg2 f6 39. exf6+ exf6 40. Rc7+ Kg8 41. Kf3 Bg7 42. Ke2 Na4 43. Nd1 Nc5 44. Nf2 Na4 45. Rxc4 Nxb2 46. Rc8+ Kh7 47. Ne4 a4 48. Ra8 Rb3 49. Nd2 Rb6 50. Bxb2 Rxb2 51. Rxa4 g5 52. fxg5 fxg5 53. Kd3 gxh4 54. gxh4 Kg6 55. Re4 Bf6 56. Rf4 Be5 57. Rf2 Ra2 58. c4 Kh6 59. Re2 Bg3 60. Re6+ Kg7 61. Nf3 Rf2 62. Ke4 Rc2 63. Kf5 Rxc4 64. Rg6+ 1-0

[Event "CZE-chT2D 2223"]
[White "Grundman, Vaclav"]
[Black "Tuma, Jiri"]
[Site "Czech Republic"]
[Round "6.4"]
[Result "0-1"]
[Date "2023.01.08"]
[WhiteElo "2054"]
[BlackElo "2300"]
[PlyCount "52"]
[EventDate "2022.10.16"]
[EventType "team-tourn"]
[EventRounds "11"]
[EventCountry "CZE"]
[SourceTitle "EXT 2024"]
[Source "ChessBase"]
[SourceDate "2023.10.10"]
[SourceVersion "1"]
[SourceVersionDate "2023.10.10"]
[SourceQuality "1"]
[WhiteTeam "Usti nad Orlici"]
[BlackTeam "Chotebor"]
[WhiteTeamCountry "CZE"]
[BlackTeamCountry "CZE"]

1. e4 c5 2. Nf3 Nc6 3. d4 cxd4 4. Nxd4 Nf6 5. Nc3 e5 6. Ndb5 d6 7. Bg5 a6 8. Na3 b5 9. Bxf6 gxf6 10. Nd5 Bg7 11. Bd3 Ne7 12. Nxe7 Qxe7 13. c4 f5 14. Qe2 Bb7 15. cxb5 fxe4 16. bxa6 exd3 17. axb7 Qxb7 18. Qxd3 Qxb2 19. Qb5+ Qxb5 20. Nxb5 Ke7 21. a4 Rhc8 22. 0-0 e4 23. Rad1 Be5 24. f4 exf3 25. Rfe1 Rc2 26. Nxd6 f2+ 0-1

[Event "CZE-chT1E 2122"]
[White "Tuma, Jiri"]
[Black "Holemar, David"]
[Site "Czech Republic"]
[Round "9.5"]
[Result "1-0"]
[Date "2022.02.20"]
[WhiteElo "2276"]
[BlackElo "2197"]
[PlyCount "81"]
[EventDate "2021.10.09"]
[EventType "team-tourn"]
[EventRounds "11"]
[EventCountry "CZE"]
[SourceTitle "EXT 2023"]
[Source "ChessBase"]
[SourceDate "2022.10.05"]
[SourceVersion "1"]
[SourceVersionDate "2022.10.05"]
[SourceQuality "1"]
[WhiteTeam "Chotebor"]
[BlackTeam "Brno Moravska Slavia II"]
[WhiteTeamCountry "CZE"]
[BlackTeamCountry "CZE"]

1. e4 g6 2. d4 Bg7 3. Nc3 a6 4. a4 e6 5. Be3 d5 6. Qd2 c5 7. exd5 exd5 8. Bg5 Nf6 9. Nf3 c4 10. Be2 h6 11. Bf4 Nc6 12. Ne5 Bf5 13. 0-0 g5 14. Bg3 0-0 15. Nxc6 bxc6 16. Be5 Re8 17. Bf3 Ne4 18. Bxe4 Bxe4 19. Bxg7 Kxg7 20. a5 Rb8 21. Ra2 Qd7 22. f3 Bg6 23. Na4 Qf5 24. Nc5 Re7 25. b4 Rbe8 26. c3 Qc8 27. Qc1 Bd3 28. Rd1 Re3 29. Rad2 Bf5 30. Rf2 R3e7 31. Qd2 Qa8 32. Rdf1 Qa7 33. h3 Bc8 34. f4 g4 35. f5 f6 36. Qf4 gxh3 37. Qg3+ Kh8 38. Qxh3 Kh7 39. Qh4 Rf8 40. Rf3 Rg7 41. Rh3 1-0

[Event "CZE-chT2C 2122"]
[White "Tuma, Jiri"]
[Black "Hrbek, Stepan"]
[Site "Czech Republic"]
[Round "7.2"]
[Result "1/2-1/2"]
[Date "2022.01.30"]
[WhiteElo "2276"]
[BlackElo "2235"]
[PlyCount "57"]
[EventDate "2021.10.17"]
[EventType "team-tourn"]
[EventRounds "11"]
[EventCountry "CZE"]
[SourceTitle "EXT 2025"]
[Source "ChessBase"]
[SourceDate "2024.10.14"]
[SourceVersion "1"]
[SourceVersionDate "2024.10.14"]
[SourceQuality "1"]
[WhiteTeam "Kutna Hora Sparta"]
[BlackTeam "Liberec Desko"]
[WhiteTeamCountry "CZE"]
[BlackTeamCountry "CZE"]

1. e4 e5 2. Nf3 Nc6 3. Bb5 Nf6 4. 0-0 Nxe4 5. Re1 Nd6 6. Nxe5 Be7 7. Bf1 Nf5 8. c3 Nxe5 9. Rxe5 d6 10. Re1 0-0 11. d4 Bg5 12. Bxg5 Qxg5 13. Nd2 Bd7 14. Nf3 Qg4 15. Qd2 Nh4 16. Nxh4 Qxh4 17. Re3 Rfe8 18. Rae1 Kf8 19. g3 Qf6 20. Bg2 Rab8 21. Bd5 Qf5 22. Rxe8+ Bxe8 23. Qe3 Bd7 24. Qe7+ Kg8 25. Be4 Qh3 26. Bg2 Qf5 27. Be4 Qh3 28. Bg2 Qf5 29. Be4 1/2-1/2

[Event "CZE-chT2D 1920"]
[White "Kastner, Oldrich"]
[Black "Tuma, Jiri"]
[Site "Czech Republic"]
[Round "10.4"]
[Result "1/2-1/2"]
[Date "2020.06.27"]
[WhiteElo "2017"]
[BlackElo "2256"]
[PlyCount "53"]
[EventDate "2019.10.13"]
[EventType "team-tourn"]
[EventRounds "11"]
[EventCountry "CZE"]
[SourceTitle "EXT 2024"]
[Source "ChessBase"]
[SourceDate "2023.10.10"]
[SourceVersion "1"]
[SourceVersionDate "2023.10.10"]
[SourceQuality "1"]
[WhiteTeam "Policka Stefanydes"]
[BlackTeam "Chotebor"]
[WhiteTeamCountry "CZE"]
[BlackTeamCountry "CZE"]

1. d4 Nf6 2. Nf3 g6 3. Bg5 Bg7 4. Nbd2 d5 5. e3 0-0 6. Bd3 c5 7. c3 Nbd7 8. 0-0 b6 9. e4 cxd4 10. Nxd4 Nc5 11. Qe2 Nxd3 12. Qxd3 dxe4 13. Nxe4 Bb7 14. Nxf6+ exf6 15. Be3 Qd5 16. f3 f5 17. a4 Rfe8 18. Rfe1 Be5 19. Rad1 Qd6 20. h3 Bh2+ 21. Kh1 Bg3 22. Re2 f4 23. Bg1 a6 24. Rdd2 Qd7 25. b3 Red8 26. Qc2 Qc7 27. c4 1/2-1/2

[Event "CZE-chT2D 1920"]
[White "Vesely, Tomas"]
[Black "Tuma, Jiri"]
[Site "Czech Republic"]
[Round "8.4"]
[Result "0-1"]
[Date "2020.02.09"]
[WhiteElo "2035"]
[BlackElo "2256"]
[PlyCount "68"]
[EventDate "2019.10.13"]
[EventType "team-tourn"]
[EventRounds "11"]
[EventCountry "CZE"]
[SourceTitle "EXT 2024"]
[Source "ChessBase"]
[SourceDate "2023.10.10"]
[SourceVersion "1"]
[SourceVersionDate "2023.10.10"]
[SourceQuality "1"]
[WhiteTeam "Pardubice Rapid"]
[BlackTeam "Chotebor"]
[WhiteTeamCountry "CZE"]
[BlackTeamCountry "CZE"]

1. d4 Nf6 2. Nf3 g6 3. Nc3 d5 4. Bf4 Bg7 5. e3 0-0 6. Be2 a6 7. Ne5 c5 8. h4 cxd4 9. exd4 Qb6 10. Qd2 Qxb2 11. Rb1 Qa3 12. Rb3 Qa5 13. h5 Nc6 14. hxg6 fxg6 15. Kf1 Ne4 16. Qe3 Nxc3 17. Bh6 Ne4 18. Bf3 Qd2 19. Nxc6 bxc6 20. Qxd2 Nxd2+ 21. Bxd2 Bxd4 22. c4 dxc4 23. Rb4 Be6 24. Rh4 Bc5 25. Rb7 Rab8 26. Rxb8 Rxb8 27. Bxc6 Rb2 28. Bh6 Rxf2+ 29. Ke1 Rf5 30. Re4 Kf7 31. g4 Rf6 32. Bg5 Bb4+ 33. Ke2 Bxg4+ 34. Rxg4 Rxc6 0-1

[Event "CZE-chT2D 1920"]
[White "Tuma, Jiri"]
[Black "Horak, Jan"]
[Site "Czech Republic"]
[Round "4.4"]
[Result "1-0"]
[Date "2019.12.01"]
[WhiteElo "2256"]
[BlackElo "2088"]
[PlyCount "79"]
[EventDate "2019.10.13"]
[EventType "team-tourn"]
[EventRounds "11"]
[EventCountry "CZE"]
[SourceTitle "EXT 2024"]
[Source "ChessBase"]
[SourceDate "2023.10.10"]
[SourceVersion "1"]
[SourceVersionDate "2023.10.10"]
[SourceQuality "1"]
[WhiteTeam "Chotebor"]
[BlackTeam "Nachod Snezka"]
[WhiteTeamCountry "CZE"]
[BlackTeamCountry "CZE"]

1. e4 e6 2. Nf3 d5 3. e5 c5 4. b4 cxb4 5. d4 Nc6 6. a3 Bd7 7. axb4 Bxb4+ 8. c3 Ba5 9. Bd3 Nge7 10. 0-0 b5 11. Qd2 b4 12. Qf4 Nf5 13. c4 Nce7 14. c5 Bc7 15. Qd2 Nc6 16. Qf4 a5 17. h4 Qe7 18. h5 Bd8 19. Qg4 Qf8 20. Re1 g6 21. Bxf5 gxf5 22. Qf4 Rg8 23. g3 Rg4 24. Qd2 Qg8 25. Kg2 Bc8 26. Qc2 Ba6 27. Nbd2 f4 28. Nh2 Rg5 29. Ndf3 Nxd4 30. Nxd4 Rxg3+ 31. Kh1 Bd3 32. Qa4+ Kf8 33. Bxf4 Rg2 34. Bh6+ Rg7 35. Rg1 Be4+ 36. f3 Bg6 37. hxg6 hxg6 38. Qc6 Ra7 39. Qd6+ Ke8 40. Bxg7 1-0

[Event "CZE-chT2D 1920"]
[White "Cely, Jaroslav"]
[Black "Tuma, Jiri"]
[Site "Czech Republic"]
[Round "3.4"]
[Result "0-1"]
[Date "2019.11.17"]
[WhiteElo "2024"]
[BlackElo "2256"]
[PlyCount "88"]
[EventDate "2019.10.13"]
[EventType "team-tourn"]
[EventRounds "11"]
[EventCountry "CZE"]
[SourceTitle "EXT 2024"]
[Source "ChessBase"]
[SourceDate "2023.10.10"]
[SourceVersion "1"]
[SourceVersionDate "2023.10.10"]
[SourceQuality "1"]
[WhiteTeam "Zdar nad Sazavou"]
[BlackTeam "Chotebor"]
[WhiteTeamCountry "CZE"]
[BlackTeamCountry "CZE"]

1. e4 c5 2. c3 d5 3. exd5 Qxd5 4. d4 cxd4 5. cxd4 e5 6. Ne2 exd4 7. Qxd4 Nf6 8. Nbc3 Qxd4 9. Nxd4 Bc5 10. Nb3 Bb4 11. Bb5+ Bd7 12. Bxd7+ Nbxd7 13. Bd2 0-0 14. 0-0 Rfe8 15. Rfe1 Ne5 16. a3 Bf8 17. Nb5 Nd3 18. Rxe8 Rxe8 19. Nxa7 Nxb2 20. Bb4 Nd5 21. Bxf8 Kxf8 22. Nb5 Nf4 23. N5d4 Nfd3 24. g3 g5 25. h3 h5 26. a4 Kg7 27. a5 Ra8 28. Nf5+ Kf6 29. Nd6 Ra7 30. Nb5 Ra6 31. Nc7 Rc6 32. a6 bxa6 33. Rxa6 Rxa6 34. Nxa6 Nd1 35. f3 h4 36. gxh4 gxh4 37. Nac5 Nf4 38. Kh2 Nf2 39. Nd4 N2xh3 40. Ne4+ Kg6 41. Nd6 Ng5 42. N6f5 Nxf3+ 43. Nxf3 Kxf5 44. Nxh4+ Kg4 0-1

[Event "Teplice op 14th"]
[White "Tuma, Jiri"]
[Black "Kirk, Ezra"]
[Site "Teplice"]
[Round "6"]
[Result "0-1"]
[Date "2019.06.20"]
[WhiteElo "2257"]
[BlackElo "2428"]
[PlyCount "114"]
[EventDate "2019.06.15"]
[EventType "swiss"]
[EventRounds "9"]
[EventCountry "CZE"]
[SourceTitle "CBM 191 Extra"]
[Source "ChessBase"]
[SourceDate "2019.09.30"]
[SourceVersion "1"]
[SourceVersionDate "2019.09.30"]
[SourceQuality "1"]

1. e4 e6 2. Nf3 d5 3. e5 Bd7 4. a3 a6 5. c3 c5 6. b4 d4 7. bxc5 Bxc5 8. cxd4 Ba7 9. Bc4 Bc6 10. Bb2 Ne7 11. 0-0 Nf5 12. d5 Bxd5 13. Bxd5 Qxd5 14. d4 Qd7 15. d5 Qxd5 16. Qxd5 exd5 17. Nc3 Nc6 18. Nxd5 0-0 19. Rfd1 Rad8 20. a4 Rfe8 21. Kf1 Bb8 22. Nb6 Nfe7 23. Nc4 Ng6 24. Nd6 Re7 25. Nc4 Red7 26. Rxd7 Rxd7 27. g3 h6 28. h4 Nf8 29. Ke2 Ne6 30. Rb1 b5 31. axb5 axb5 32. Ne3 Ba7 33. Rd1 Rxd1 34. Nxd1 Kf8 35. Kd3 Ke8 36. Nd2 Nc5+ 37. Ke2 Kd7 38. f4 Na4 39. e6+ Kxe6 40. Bxg7 h5 41. g4 hxg4 42. h5 f5 43. h6 Kf7 44. Ne3 Bxe3 45. Kxe3 Kg6 46. Ne4 Nb6 47. Nf6 Nc4+ 48. Kd3 Nd6 49. Nd7 Ne8 50. Nf8+ Kf7 51. Ke3 Nf6 52. Bxf6 Kxf6 53. Ne6 Kg6 54. Ng7 Ne7 55. Ne8 Kxh6 56. Nd6 b4 57. Kd4 Kh5 0-1

[Event "CZE-chT2D 1819"]
[White "Tuma, Jiri"]
[Black "Jedlicka, Ales"]
[Site "Czech Republic"]
[Round "2.1"]
[Result "1/2-1/2"]
[Date "2018.11.04"]
[WhiteElo "2298"]
[BlackElo "2213"]
[PlyCount "27"]
[EventDate "2018.10.14"]
[EventType "team-tourn"]
[EventRounds "11"]
[EventCountry "CZE"]
[SourceTitle "EXT 2022"]
[Source "ChessBase"]
[SourceDate "2021.10.06"]
[SourceVersion "1"]
[SourceVersionDate "2021.10.06"]
[SourceQuality "1"]
[WhiteTeam "Chotebor"]
[BlackTeam "Chrudim"]
[WhiteTeamCountry "CZE"]
[BlackTeamCountry "CZE"]

1. e4 d6 2. d4 Nf6 3. Nc3 g6 4. f3 c6 5. Be3 Nbd7 6. Nh3 b5 7. a3 Nb6 8. Nf2 a6 9. Be2 Be6 10. 0-0 Bg7 11. Qd2 0-0 12. Bh6 Bc4 13. Bxg7 Kxg7 14. f4 1/2-1/2

[Event "CZE-ch"]
[White "Tuma, Jiri"]
[Black "Vokac, Marek"]
[Site "Ostrava"]
[Round "5"]
[Result "1/2-1/2"]
[Date "2018.05.02"]
[WhiteElo "2296"]
[BlackElo "2390"]
[PlyCount "205"]
[EventDate "2018.04.28"]
[EventType "swiss"]
[EventRounds "9"]
[EventCountry "CZE"]
[SourceTitle "CBM 184 Extra"]
[Source "ChessBase"]
[SourceDate "2018.06.28"]
[SourceVersion "1"]
[SourceVersionDate "2018.06.28"]
[SourceQuality "1"]

1. e4 g6 2. d4 Bg7 3. Nc3 d6 4. f4 a6 5. Nf3 Bg4 6. Bc4 e6 7. Be3 Nc6 8. 0-0 b5 9. Bb3 Na5 10. h3 Nxb3 11. axb3 Bxf3 12. Qxf3 Ne7 13. f5 gxf5 14. exf5 exf5 15. Nxb5 0-0 16. Nc3 Qd7 17. Kh1 Rae8 18. Bg1 Nc6 19. Ne2 f4 20. c3 Qf5 21. Nxf4 Ne7 22. b4 Ng6 23. Bh2 Qc2 24. Rf2 Qe4 25. Qxe4 Rxe4 26. Nh5 Rfe8 27. Bg3 Re1+ 28. Rxe1 Rxe1+ 29. Kh2 Re3 30. Bf4 Re1 31. Bd2 Rb1 32. Bg5 f5 33. Nxg7 Kxg7 34. Rxf5 Rxb2 35. d5 Ne5 36. Bd8 Rd2 37. Bxc7 Kg6 38. Rf8 Rxd5 39. Rd8 Nc4 40. Ra8 Kf5 41. Rxa6 Ke4 42. b5 Rxb5 43. Bxd6 Rb2 44. Bc5 Nd2 45. Rf6 Rb1 46. h4 h5 47. Bd4 Rd1 48. Kg3 Nf1+ 49. Kf2 Nh2 50. Re6+ Kf4 51. g3+ Kg4 52. Rg6+ Kh3 53. Rg5 Rd2+ 54. Ke3 Nf1+ 55. Kf4 Rd3 56. Rxh5 Nxg3 57. Rh8 Ne2+ 58. Ke4 Rg3 59. Rc8 Rg4+ 60. Kd5 Kxh4 61. Be5 Nxc3+ 62. Rxc3 Kg5 63. Rf3 Ra4 64. Ke6 Rg4 65. Rf8 Kg6 66. Rh8 Kg5 67. Rg8+ Kh5 68. Rh8+ Kg6 69. Ra8 Kg5 70. Ra7 Kg6 71. Rf7 Kg5 72. Rh7 Kg6 73. Rh8 Kg5 74. Bf6+ Kg6 75. Ke5 Ra4 76. Rg8+ Kf7 77. Rg7+ Kf8 78. Rb7 Ra5+ 79. Ke6 Ra6+ 80. Kf5 Rc6 81. Kg6 Ke8 82. Ra7 Rd6 83. Kf5 Rd7 84. Ra8+ Kf7 85. Rh8 Rd5+ 86. Be5 Rd7 87. Rh6 Ke8 88. Bd6 Rf7+ 89. Ke6 Re7+ 90. Kd5 Rg7 91. Be5 Rd7+ 92. Bd6 Rg7 93. Rf6 Kd7 94. Rf8 Rh7 95. Rg8 Rf7 96. Ra8 Rf5+ 97. Be5 Rf7 98. Ra6 Ke8 99. Ke6 Re7+ 100. Kf6 Rf7+ 101. Kg6 Rb7 102. Kf5 Kd7 103. Ke4 1/2-1/2

[Event "CZE-ch"]
[White "Tuma, Jiri"]
[Black "Malinovsky, Petr"]
[Site "Ostrava"]
[Round "3"]
[Result "1-0"]
[Date "2018.04.30"]
[WhiteElo "2296"]
[BlackElo "2006"]
[PlyCount "57"]
[EventDate "2018.04.28"]
[EventType "swiss"]
[EventRounds "9"]
[EventCountry "CZE"]
[SourceTitle "CBM 184 Extra"]
[Source "ChessBase"]
[SourceDate "2018.06.28"]
[SourceVersion "1"]
[SourceVersionDate "2018.06.28"]
[SourceQuality "1"]

1. e4 c5 2. b4 cxb4 3. a3 d5 4. exd5 Qxd5 5. Nf3 e5 6. c4 Qe6 7. Bd3 Nc6 8. 0-0 Nf6 9. Re1 Bd6 10. Bc2 Qxc4 11. d4 Bg4 12. dxe5 0-0-0 13. exd6 Rhe8 14. Be3 Bxf3 15. gxf3 Re5 16. Nd2 Qh4 17. Nf1 Rd5 18. Qe2 R8xd6 19. axb4 Re6 20. Red1 Nd4 21. Rxd4 Rxd4 22. Bf5 Rxb4 23. Bxe6+ fxe6 24. Bxa7 Kd7 25. Re1 Qc4 26. Qd2+ Nd5 27. Be3 Ke7 28. Rc1 Nxe3 29. Rxc4 1-0

[Event "CZE-chT2C 1718"]
[White "Neckar, Lubomir"]
[Black "Tuma, Jiri"]
[Site "Czech Republic"]
[Round "11.2"]
[Result "1/2-1/2"]
[Date "2018.04.08"]
[WhiteElo "2309"]
[BlackElo "2287"]
[PlyCount "35"]
[EventDate "2017.10.15"]
[EventType "team-tourn"]
[EventRounds "11"]
[EventCountry "CZE"]
[SourceTitle "EXT 2022"]
[Source "ChessBase"]
[SourceDate "2021.10.06"]
[SourceVersion "1"]
[SourceVersionDate "2021.10.06"]
[SourceQuality "1"]
[WhiteTeam "Praha Eurovia"]
[BlackTeam "Kutna Hora"]
[WhiteTeamCountry "CZE"]
[BlackTeamCountry "CZE"]

1. Nf3 Nf6 2. c4 g6 3. g3 Bg7 4. Bg2 0-0 5. d4 d6 6. Nc3 c6 7. 0-0 Qa5 8. e4 Nbd7 9. h3 e5 10. Re1 exd4 11. Nxd4 Ne5 12. Bf1 Re8 13. Be3 c5 14. Nb3 Qb4 15. a3 Qb6 16. Nd2 Qd8 17. Rb1 Be6 18. Nd5 1/2-1/2

[Event "Prague op 17th"]
[White "Low, Zhen Yu Cyrus"]
[Black "Tuma, Jiri"]
[Site "Prague"]
[Round "8"]
[Result "1/2-1/2"]
[Date "2018.01.18"]
[WhiteElo "2437"]
[BlackElo "2272"]
[PlyCount "141"]
[EventDate "2018.01.12"]
[EventType "swiss"]
[EventRounds "9"]
[EventCountry "CZE"]
[SourceTitle "CBM 182 Extra"]
[Source "ChessBase"]
[SourceDate "2018.02.23"]
[SourceVersion "1"]
[SourceVersionDate "2018.02.23"]
[SourceQuality "1"]

1. e4 c5 2. Nf3 e6 3. d4 cxd4 4. Nxd4 Nf6 5. Nc3 d6 6. Be3 a6 7. Be2 Qc7 8. g4 d5 9. exd5 Bb4 10. dxe6 Bxc3+ 11. bxc3 Qxc3+ 12. Kf1 fxe6 13. Rg1 0-0 14. Rg3 Nc6 15. Nb3 Qe5 16. Kg1 Nd5 17. Bf1 Nxe3 18. Rxe3 Qf4 19. Qe2 e5 20. Re4 Qf6 21. Rd1 Kh8 22. Bg2 a5 23. f4 exf4 24. Re8 Bxg4 25. Rxf8+ Rxf8 26. Qxg4 f3 27. Bf1 Ne5 28. Qg3 f2+ 29. Kh1 Qc6+ 30. Qg2 Qxc2 31. Rd2 Qf5 32. Nc5 h5 33. Rd5 Qf6 34. Qe4 Qg5 35. Qg2 Qf6 36. Rxe5 Qxe5 37. Nd7 Qf5 38. Nxf8 Qxf8 39. Qxb7 Qf5 40. h3 g6 41. Qb2+ Kh7 42. Kg2 Qe4+ 43. Kxf2 Qf4+ 44. Kg1 Qg3+ 45. Qg2 Qe5 46. Kh1 h4 47. Qf3 Kg7 48. a3 Kh7 49. Kg2 Kg7 50. Be2 Kh7 51. Kf2 Qh2+ 52. Ke1 Qe5 53. Qd3 Qa1+ 54. Kd2 Qb2+ 55. Ke3 Qe5+ 56. Kf3 Qg3+ 57. Ke4 Qg5 58. Kd4 Qc1 59. Bd1 Qc7 60. Bc2 Qb6+ 61. Kc4 Kh6 62. Qxg6+ Qxg6 63. Bxg6 Kxg6 64. Kb5 Kg5 65. Kxa5 Kf4 66. Kb5 Kg3 67. a4 Kxh3 68. a5 Kg2 69. a6 h3 70. a7 h2 71. a8Q+ 1/2-1/2

[Event "Prague op 17th"]
[White "Tuma, Jiri"]
[Black "Parnali, S Dharia"]
[Site "Prague"]
[Round "5"]
[Result "1-0"]
[Date "2018.01.15"]
[WhiteElo "2272"]
[BlackElo "2082"]
[PlyCount "33"]
[EventDate "2018.01.12"]
[EventType "swiss"]
[EventRounds "9"]
[EventCountry "CZE"]
[SourceTitle "CBM 182 Extra"]
[Source "ChessBase"]
[SourceDate "2018.02.23"]
[SourceVersion "1"]
[SourceVersionDate "2018.02.23"]
[SourceQuality "1"]

1. e4 e5 2. Nf3 Nc6 3. Nc3 Nf6 4. d4 exd4 5. Nd5 Nxd5 6. exd5 Bb4+ 7. Bd2 Bxd2+ 8. Qxd2 Qe7+ 9. Be2 Nb4 10. 0-0 0-0 11. Nxd4 Nxd5 12. Nf5 Qe5 13. Qxd5 Qxe2 14. Rfe1 Qxc2 15. Qe5 f6 16. Qd5+ Kh8 17. Qf7 1-0

[Event "CZE-chT2D 1718"]
[White "Varejcko, Josef"]
[Black "Tuma, Jiri"]
[Site "Czech Republic"]
[Round "6.2"]
[Result "0-1"]
[Date "2018.01.14"]
[WhiteElo "2257"]
[BlackElo "2252"]
[PlyCount "84"]
[EventDate "2017.10.15"]
[EventType "team-tourn"]
[EventRounds "11"]
[EventCountry "CZE"]
[SourceTitle "EXT 2022"]
[Source "ChessBase"]
[SourceDate "2021.10.06"]
[SourceVersion "1"]
[SourceVersionDate "2021.10.06"]
[SourceQuality "1"]
[WhiteTeam "Lipa"]
[BlackTeam "Chotebor"]
[WhiteTeamCountry "CZE"]
[BlackTeamCountry "CZE"]

1. d4 Nf6 2. g3 g6 3. Bg2 Bg7 4. Nf3 0-0 5. 0-0 d6 6. c4 c6 7. Nc3 Qa5 8. d5 Qa6 9. dxc6 bxc6 10. c5 dxc5 11. Qa4 Nd5 12. Qh4 Nxc3 13. bxc3 Qxe2 14. Bg5 f6 15. Rae1 Qxa2 16. Rxe7 fxg5 17. Nxg5 h6 18. Be4 hxg5 19. Qxg5 Bf5 20. Bxf5 Rxf5 21. Qxg6 Rf7 22. Re8+ Rf8 23. Rxf8+ Kxf8 24. Qd6+ Kg8 25. Qd8+ Kh7 26. Re1 Qd5 27. Qh4+ Kg6 28. Qg4+ Kf7 29. Rd1 Qe6 30. Qf4+ Kg8 31. Rd8+ Kh7 32. Kg2 a5 33. g4 a4 34. h4 Qf6 35. Qe4+ Qg6 36. Qc4 Bf6 37. h5 Qg7 38. Qe4+ Kh6 39. Qf4+ Qg5 40. Qe4 Bxd8 41. Qe6+ Bf6 42. Qc8 Nd7 0-1

[Event "Prague op 17th"]
[White "Kristiansen, Willy"]
[Black "Tuma, Jiri"]
[Site "Prague"]
[Round "3"]
[Result "0-1"]
[Date "2018.01.13"]
[WhiteElo "2092"]
[BlackElo "2272"]
[PlyCount "44"]
[EventDate "2018.01.12"]
[EventType "swiss"]
[EventRounds "9"]
[EventCountry "CZE"]
[SourceTitle "CBM 182 Extra"]
[Source "ChessBase"]
[SourceDate "2018.02.23"]
[SourceVersion "1"]
[SourceVersionDate "2018.02.23"]
[SourceQuality "1"]

1. d4 Nf6 2. c4 g6 3. g3 Bg7 4. Bg2 0-0 5. Nc3 d6 6. Nf3 c6 7. 0-0 Qa5 8. e4 Nbd7 9. h3 e5 10. Be3 Re8 11. a3 exd4 12. Nxd4 Ne5 13. b4 Qa6 14. b5 Qa5 15. Qb3 Nfd7 16. f4 Nc5 17. Qc2 Nxc4 18. Bf2 Ne6 19. e5 Nxd4 20. Bxd4 Bf5 21. Qc1 dxe5 22. fxe5 Nxe5 0-1

[Event "CZE-chT2C 1617"]
[White "Havlik, Jan"]
[Black "Tuma, Jiri"]
[Site "Czech Republic"]
[Round "9.1"]
[Result "1/2-1/2"]
[Date "2017.02.26"]
[WhiteElo "2393"]
[BlackElo "2248"]
[PlyCount "33"]
[EventDate "2016.10.09"]
[EventType "team-tourn"]
[EventRounds "11"]
[EventCountry "CZE"]
[SourceTitle "EXT 2022"]
[Source "ChessBase"]
[SourceDate "2021.10.06"]
[SourceVersion "1"]
[SourceVersionDate "2021.10.06"]
[SourceQuality "1"]
[WhiteTeam "Prachatice"]
[BlackTeam "Kutna Hora"]
[WhiteTeamCountry "CZE"]
[BlackTeamCountry "CZE"]

1. e4 e5 2. Nf3 Nc6 3. Bb5 a6 4. Ba4 Nf6 5. d4 exd4 6. 0-0 Be7 7. Qe2 b5 8. Bb3 d6 9. Bd5 Nxd5 10. exd5 Ne5 11. Nxe5 dxe5 12. Qxe5 0-0 13. Qxd4 Bf6 14. Qd3 Bb7 15. Rd1 Re8 16. Nc3 Bxc3 17. Qxc3 1/2-1/2